Perpignan - Choix multiples - Statistiques

Statistiques générales
  • Ce quiz a été pris 221 fois
  • Le résultat moyen est 7 sur 10
Statistiques - réponses
Question Réponse % Correct
Laquelle de ces langues est historiquement parlée à Perpignan ? Catalan
93%
Quel célèbre peintre déclara que la gare de Perpignan est le "centre cosmique du monde" ? Salvador Dalí
85%
De quel royaume Perpignan fut-elle la capitale continentale ? Le Royaume de Majorque
82%
Quel fleuve arrose la ville de Perpignan ? La Têt
75%
Laquelle de ces images représente une importante tradition perpignanaise ?
74%
Qui était Hyacinthe Rigaud, en l'honneur de qui le musée d'art de la ville est nommé ? Le portraitiste officiel de Louis XIV
74%
Que signifie le A de USAP, nom du célèbre club de rugby à XV de la ville ? Arlequins
60%
Pour accueillir quelles populations le quartier du Moulin à vent fut-il construit ? Des pieds-noirs après l'indépendance de l'Algérie
59%
Que le Castillet, monument emblématique de la ville, n'abrita-t-il jamais ? La mairie de la commune
51%
Quand Perpignan devint-elle française ? 1659
41%
Aucun quiz correspondant
Distribution des résultats
% des personnes avec chaque résultat
Percentile par nombre de réponses
Votre historique - résultats
Vous n’avez pas pris ce quiz